Integrating Materials Management (Record no. 476797)

MARC details
000 -LEADER
fixed length control field 00519nam a2200193Ia 4500
008 - FIXED-LENGTH DATA ELEMENTS--GENERAL INFORMATION
fixed length control field 100315s9999 xx 000 0 und d
040 ## - CATALOGING SOURCE
Transcribing agency ENGLISH 
082 ## - DEWEY DECIMAL CLASSIFICATION NUMBER
Item number 2062 
100 ## - MAIN ENTRY--PERSONAL NAME
Personal name "Patel, Chunawala "
245 ## - TITLE STATEMENT
Title Integrating Materials Management
260 ## - PUBLICATION, DISTRIBUTION, ETC. (IMPRINT)
Name of publisher, distributor, etc Tata McGrawhill  
Date of publication, distribution, etc 1986 
300 ## - PHYSICAL DESCRIPTION
Extent 610 
365 ## - TRADE PRICE
Price note Rupees 
Unit of pricing
Price amount 45.00 
366 ## - TRADE AVAILABILITY INFORMATION
Publishers' discount category
505 ## - FORMATTED CONTENTS NOTE
Miscellaneous information Jaya Nikhade 
630 ## - SUBJECT ADDED ENTRY--UNIFORM TITLE
Uniform title Integrating Materials Management
730 ## - ADDED ENTRY--UNIFORM TITLE
Uniform title Integrating Materials Management
942 ## - ADDED ENTRY ELEMENTS (KOHA)
Koha item type Book
Holdings
Withdrawn status Lost status Damaged status Not for loan Home library Current library Date acquired Cost, normal purchase price Total Checkouts Full call number Barcode Date last seen Price effective from Koha item type
        Dr. V. N. Bedekar Institute of Management Studies Library Dr. V. N. Bedekar Institute of Management Studies Library 01/08/2009 45.00    /PAT  2062  VPMBRIMS-2062  03/19/2010 03/19/2010 Book